01621cam a22003854i 4500003000900000005001700009008004100026020001500067035002700082040003300109082002100142245018700163264005500350300003800405336002100443337002500464338002300489504004500512505045900557526001001016526001001026526001001036526001001046526000801056526000801064526000801072526000801080526000801088526000801096526000801104541001801112650003301130700004101163700003101204PE-LiUPU20250731173346.0150706s2003 miu rb 000 0 eng d a0802824153 a(Sirsi) i9780802824158 aPE-LiUPUbspacPE-LiUPUerda04a230.003bE3222104aThe encyclopedia of christianity :bVolume 3 J-O /ceditores, Erwin Fahlbusch . [et al.] ; traductory editor en inglés, Geoffrey W. Bromiley ; editor estatistico, David B. Barrett. 1aGrand Rapids, Michigan :bEerdmans ; Brill,c2003. a884 páginas ;c27 centímetros atext2rdacontent aunmediated2rdamedia avolume2rdacarrier aBibliografía al final de cada entrada.0 aAlphabetizatión -- Statistics -- Cross-references -- Bibliographies -- Consulting editors -- Abbreviations -- Biblical Books, with the Apocrypha -- Old Testamento Pseudepigrapha -- Early Church Writings, with Nag Hammadi Tractates -- Dead Sea Scrolls and Related Texts -- Classical Targums and Rabbinic Writings -- Other Ancient, medieval, and Early Modern Writings -- Modern Publications and Editions -- States and Provinces -- General -- Entries J-O. aSEG42 aSEG41 aSEG40 aSEG39 aP94 aP87 aP86 aP85 aP77 aP76 aP35 g800-253-7521;04aCristianismovEnciclopedias.1 aBromiley, Geoffrey William,eeditor.1 aFahlbusch, Erwin,eeditor.